000 00609nam a22001937a 4500
999 _c153004
_d153002
005 20191114132027.0
008 130905t sp||||| |||| 00| 0 spa d
020 _a8430611045
050 0 4 _aB783
_bB78 1973
100 1 _aBruno, Giordano
245 1 0 _aMundo, Magia, Memoria /
_cGiordano Bruno
250 _a1a ed.
260 _aMadrid, España :
_bTaurus,
_c1973.
300 _a420 p. ;
_c21 cm.
504 _aIncluye: Bibliografía e Indice
650 7 _2Lemb
_aFilosofía
_xciencia
942 _2lcc
_cLIB